Proposed amendments to FRS 29 (IFRS 7) 'financial Instruments, disclosures' (Record no. 109789)
[ view plain ]
| 000 -LEADER | |
|---|---|
| fixed length control field | 01067cam a22002895a 4500 |
| 001 - CONTROL NUMBER | |
| control field | E147919 |
| 008 - FIXED-LENGTH DATA ELEMENTS--GENERAL INFORMATION | |
| fixed length control field | 080404s2008 xxk f u 000 0 eng u |
| 020 ## - INTERNATIONAL STANDARD BOOK NUMBER | |
| International Standard Book Number | 9781847981264 |
| 035 ## - SYSTEM CONTROL NUMBER | |
| System control number | (Sirsi) u147919 |
| 041 0# - LANGUAGE CODE | |
| Language code of text/sound track or separate title | eng |
| 050 04 - LIBRARY OF CONGRESS CALL NUMBER | |
| Classification number | 657.3 $2 18 |
| 110 1# - MAIN ENTRY--CORPORATE NAME | |
| Corporate name or jurisdiction name as entry element | Accounting Standards Board |
| 9 (RLIN) | 3454 |
| 245 00 - TITLE STATEMENT | |
| Title | Proposed amendments to FRS 29 (IFRS 7) 'financial Instruments, disclosures' |
| Remainder of title | improvements to financial instrument disclosures |
| 260 ## - PUBLICATION, DISTRIBUTION, ETC. | |
| Place of publication, distribution, etc. | Kingston |
| Name of publisher, distributor, etc. | ASB |
| Date of publication, distribution, etc. | 2008 |
| 300 ## - PHYSICAL DESCRIPTION | |
| Extent | 32p. |
| Dimensions | 21cm. |
| 350 ## - PRICE (NR) (BK AM CF MU VM SE) [OBSOLETE] | |
| Price | 10 |
| 490 #0 - SERIES STATEMENT | |
| Series statement | ASB Financial Reporting Exposure Draft |
| 490 #0 - SERIES STATEMENT | |
| Series statement | ASB Financial Reporting Standard |
| 520 ## - SUMMARY, ETC. | |
| Summary, etc. | Sets out proposed amendments to FRS 29 to take account of proposed amendments to IFRS 7. The deadline for comments on the proposed amendments is 30 January 2009. |
| 521 ## - TARGET AUDIENCE NOTE | |
| Target audience note | Expert |
| 590 ## - LOCAL NOTE (RLIN) | |
| Local note | KA |
| 650 ## - SUBJECT ADDED ENTRY--TOPICAL TERM | |
| Topical term or geographic name entry element | INTERNATIONAL ACCOUNTING STANDARDS BOARD |
| 650 ## - SUBJECT ADDED ENTRY--TOPICAL TERM | |
| Topical term or geographic name entry element | FRS29 |
| 651 #4 - SUBJECT ADDED ENTRY--GEOGRAPHIC NAME | |
| Geographic name | United Kingdom |
| Chronological subdivision | |
| 690 ## - LOCAL SUBJECT ADDED ENTRY--TOPICAL TERM (OCLC, RLIN) | |
| Topical term or geographic name as entry element | MANAGEMENT-BUSINESS MANAGEMENT-FINANCIAL MANAGEMENT-ACCOUNTING-FINANCIAL REPORTING |
| 942 ## - ADDED ENTRY ELEMENTS (KOHA) | |
| Suppress in OPAC | 0 |
| Withdrawn status | Lost status | Source of classification or shelving scheme | Damaged status | Not for loan | Home library | Current library | Shelving location | Date acquired | Total Checkouts | Full call number | Barcode | Date last seen | Copy number | Price effective from | Koha item type |
|---|---|---|---|---|---|---|---|---|---|---|---|---|---|---|---|
| Dewey Decimal Classification | London | London | Boxed set | 01/07/2009 | BOXED SET | 30074977 | 06/08/2019 | 1 | 06/08/2019 | Reference material |